600 Biggest Cities in Russia - Statistics

General Stats
  • This quiz has been taken 79 times
    78 since last reset
  • The average score is 53 of 600
Answers on the Map
Answers color-coded by a green-red scale on the quiz's map according to % correct below.
 
Answer Stats
State Population City % Correct
Moskva 17125000 Moscow
87%
Moskva 17125000 Moscow
87%
Sankt-Peterburg 5351935 Saint Petersburg
77%
Volgogradskaya Oblast’ 1015586 Volgograd
62%
Kaliningradskaya Oblast’ 475056 Kaliningrad
57%
Novosibirskaya Oblast’ 1602915 Novosibirsk
57%
Murmanskaya Oblast’ 298096 Murmansk
53%
Omskaya Oblast’ 1178391 Omsk
53%
Tatarstan 1243500 Kazan
51%
Primorskiy Kray 606589 Vladivostok
51%
Krasnodarskiy Kray 881476 Krasnodar
49%
Rostovskaya Oblast’ 1125299 Rostov
49%
Yaroslavskaya Oblast’ 30943 Rostov
49%
Bashkortostan 1115560 Ufa
47%
Sverdlovskaya Oblast’ 1468833 Yekaterinburg
47%
Permskiy Kray 1048005 Perm
45%
Arkhangel’skaya Oblast’ 351488 Arkhangelsk
43%
Chelyabinskaya Oblast’ 1202371 Chelyabinsk
43%
Astrakhanskaya Oblast’ 532504 Astrakhan
40%
Irkutskaya Oblast’ 623736 Irkutsk
40%
Orenburgskaya Oblast’ 564443 Orenburg
40%
Saratovskaya Oblast’ 845300 Saratov
40%
Krasnodarskiy Kray 411524 Sochi
40%
Tomskaya Oblast’ 572740 Tomsk
40%
Krasnoyarskiy Kray 1083865 Krasnoyarsk
38%
Smolenskaya Oblast’ 329853 Smolensk
38%
Stavropol’skiy Kray 433577 Stavropol
38%
Yaroslavskaya Oblast’ 608079 Yaroslavl
38%
Kirovskaya Oblast’ 501468 Kirov
36%
Kaluzhskaya Oblast’ 30520 Kirov
36%
Magadanskaya Oblast’ 92782 Magadan
36%
Samarskaya Oblast’ 1169719 Samara
36%
Ul’yanovskaya Oblast’ 624518 Ulyanovsk
36%
Sakha (Yakutiya) 307911 Yakutsk
36%
Kurskaya Oblast’ 449063 Kursk
34%
Tambovskaya Oblast’ 290365 Tambov
34%
Vladimirskaya Oblast’ 356168 Vladimir
34%
Belgorodskaya Oblast’ 391135 Belgorod
32%
Khabarovskiy Kray 616242 Khabarovsk
32%
Lipetskaya Oblast’ 510439 Lipetsk
32%
Chelyabinskaya Oblast’ 418241 Magnitogorsk
32%
Voronezhskaya Oblast’ 1047549 Voronezh
32%
Sakhalinskaya Oblast’ 194882 Yuzhno-Sakhalinsk
32%
Moskovskaya Oblast’ 450771 Balashikha
30%
Pskovskaya Oblast’ 209840 Pskov
30%
Ryazanskaya Oblast’ 537622 Ryazan
30%
Samarskaya Oblast’ 707408 Tolyatti
30%
Tul’skaya Oblast’ 485221 Tula
30%
Tverskaya Oblast’ 419363 Tver
30%
Tyumenskaya Oblast’ 744554 Tyumen
30%
Bryanskaya Oblast’ 406553 Bryansk
28%
Chuvashiya 489498 Cheboksary
28%
Ivanovskaya Oblast’ 406933 Ivanovo
28%
Kaluzhskaya Oblast’ 341892 Kaluga
28%
Moskva 244668 Khimki
28%
Kurganskaya Oblast’ 322042 Kurgan
28%
Dagestan 592976 Makhachkala
28%
Tatarstan 237250 Nizhnekamsk
28%
Krasnoyarskiy Kray 177428 Norilsk
28%
Buryatiya 431922 Ulan-Ude
28%
Zabaykal’skiy Kray 347088 Chita
26%
Saratovskaya Oblast’ 225752 Engels
26%
Kemerovskaya Oblast’ 556920 Kemerovo
26%
Orenburgskaya Oblast’ 230414 Orsk
26%
Penzenskaya Oblast’ 523726 Penza
26%
Moskovskaya Oblast’ 299660 Podolsk
26%
Altayskiy Kray 633301 Barnaul
23%
Dagestan 123720 Derbent
23%
Kostromskaya Oblast’ 277648 Kostroma
23%
Moskovskaya Oblast’ 171793 Krasnogorsk
23%
Nizhegorodskaya Oblast’ 1264075 Nizhniy Novgorod
23%
Kemerovskaya Oblast’ 552105 Novokuznetsk
23%
Krasnodarskiy Kray 270774 Novorossiysk
23%
Kareliya 278551 Petrozavodsk
23%
Stavropol’skiy Kray 145836 Pyatigorsk
23%
Mordoviya 314789 Saransk
23%
Vologodskaya Oblast’ 313012 Vologda
23%
Mariy-El 54519 Volzhsk
23%
Vologodskaya Oblast’ 318856 Cherepovets
21%
Karachayevo-Cherkesiya 122395 Cherkessk
21%
Nizhegorodskaya Oblast’ 231797 Dzerzhinsk
21%
Kalmykiya 103132 Elista
21%
Leningradskaya Oblast’ 94447 Gatchina
21%
Adygeya 141970 Maykop
21%
Kabardino-Balkariya 265162 Nalchik
21%
Novosibirskaya Oblast’ 29194 Ob
21%
Kamchatskiy Kray 181216 Petropavlovsk-Kamchatskiy
21%
Rostovskaya Oblast’ 235492 Shakhty
21%
Bashkortostan 280233 Sterlitamak
21%
Komi 245313 Syktyvkar
21%
Leningradskaya Oblast’ 78457 Vyborg
21%
Mariy-El 266675 Yoshkar-Ola
21%
Khakasiya 181709 Abakan
19%
Krasnodarskiy Kray 190709 Armavir
19%
Yevreyskaya Avtonomnaya Oblast’ 73623 Birobidzhan
19%
Amurskaya Oblast’ 224419 Blagoveshchensk
19%
Bashkortostan 35008 Blagoveshchensk
19%
Ingushetiya 117936 Nazran
19%
Bashkortostan 126805 Neftekamsk
19%
Arkhangel’skaya Oblast’ 183996 Severodvinsk
19%
Rostovskaya Oblast’ 250287 Taganrog
19%
Saratovskaya Oblast’ 191260 Balakovo
17%
Nizhegorodskaya Oblast’ 78063 Bor
17%
Moskovskaya Oblast’ 127850 Domodedovo
17%
Moskovskaya Oblast’ 158508 Elektrostal
17%
Tyva 116015 Kyzyl
17%
Tul’skaya Oblast’ 125647 Novomoskovsk
17%
Samarskaya Oblast’ 173260 Syzran
17%
Krasnodarskiy Kray 62269 Tuapse
17%
North Ossetia 306978 Vladikavkaz
17%
Tatarstan 154262 Almetyevsk
15%
Nizhegorodskaya Oblast’ 104547 Arzamas
15%
Rostovskaya Oblast’ 126769 Bataysk
15%
Irkutskaya Oblast’ 231602 Bratsk
15%
Dagestan 116340 Kaspiysk
15%
Khanty-Mansiyskiy Avtonomnyy Okrug-Yugra 98692 Khanty-Mansiysk
15%
Dagestan 141259 Khasavyurt
15%
Moskovskaya Oblast’ 197705 Lyubertsy
15%
Chelyabinskaya Oblast’ 151856 Miass
15%
Sverdlovskaya Oblast’ 355693 Nizhniy Tagil
15%
Chuvashiya 126626 Novocheboksarsk
15%
Rostovskaya Oblast’ 168766 Novocherkassk
15%
Kaluzhskaya Oblast’ 115029 Obninsk
15%
Khanty-Mansiyskiy Avtonomnyy Okrug-Yugra 360590 Surgut
15%
Rostovskaya Oblast’ 171471 Volgodonsk
15%
Volgogradskaya Oblast’ 326055 Volzhskiy
15%
Krasnodarskiy Kray 81447 Anapa
13%
Irkutskaya Oblast’ 226374 Angarsk
13%
Rostovskaya Oblast’ 80721 Azov
13%
Permskiy Kray 145115 Berezniki
13%
Altayskiy Kray 203108 Biysk
13%
Ul’yanovskaya Oblast’ 116055 Dimitrovgrad
13%
Altay 63214 Gorno-Altaysk
13%
Khabarovskiy Kray 249810 Komsomol’sk-na-Amure
13%
Moskovskaya Oblast’ 205397 Mytishchi
13%
Yamalo-Nenetskiy Avtonomnyy Okrug 159551 Nakhodka
13%
Primorskiy Kray 151420 Nakhodka
13%
Moskovskaya Oblast’ 140537 Odintsovo
13%
Voronezhskaya Oblast’ 24858 Pavlovsk
13%
Bashkortostan 153181 Salavat
13%
Primorskiy Kray 170660 Ussuriysk
13%
Novgorodskaya Oblast’ 222594 Velikiy Novgorod
13%
Lipetskaya Oblast’ 104349 Yelets
13%
Primorskiy Kray 106692 Artëm
11%
North Ossetia 37029 Beslan
11%
Krasnodarskiy Kray 77212 Gelendzhik
11%
Udmurtiya 93056 Glazov
11%
Chechnya 291687 Groznyy
11%
Stavropol’skiy Kray 129593 Kislovodsk
11%
Arkhangel’skaya Oblast’ 61805 Kotlas
11%
Vladimirskaya Oblast’ 138552 Kovrov
11%
Permskiy Kray 65284 Kungur
11%
Vladimirskaya Oblast’ 109072 Murom
11%
Stavropol’skiy Kray 117446 Nevinnomyssk
11%
Samarskaya Oblast’ 102075 Novokuybyshevsk
11%
Orenburgskaya Oblast’ 86474 Novotroitsk
11%
Samarskaya Oblast’ 26438 Oktyabrsk
11%
Orlovskaya Oblast’ 311625 Orël
11%
Moskovskaya Oblast’ 105479 Pushkino
11%
Moskovskaya Oblast’ 106990 Reutov
11%
Yaroslavskaya Oblast’ 190429 Rybinsk
11%
Yamalo-Nenetskiy Avtonomnyy Okrug 48507 Salekhard
11%
Nizhegorodskaya Oblast’ 95388 Sarov
11%
Moskovskaya Oblast’ 104579 Sergiyev Posad
11%
Moskovskaya Oblast’ 125817 Serpukhov
11%
Kaliningradskaya Oblast’ 40486 Sovetsk
11%
Krasnodarskiy Kray 85760 Yeysk
11%
Krasnoyarskiy Kray 105264 Achinsk
9%
Khabarovskiy Kray 40106 Amursk
9%
Primorskiy Kray 52471 Arsenyev
9%
Amurskaya Oblast’ 66183 Belogorsk
9%
Tatarstan 86085 Bugulma
9%
Orenburgskaya Oblast’ 49737 Buguruslan
9%
Moskovskaya Oblast’ 75144 Dubna
9%
Dagestan 58690 Izberbash
9%
Moskovskaya Oblast’ 144125 Kolomna
9%
Zabaykal’skiy Kray 52811 Krasnokamensk
9%
Krasnoyarskiy Kray 59525 Lesosibirsk
9%
Khanty-Mansiyskiy Avtonomnyy Okrug-Yugra 274575 Nizhnevartovsk
9%
Krasnoyarskiy Kray 229731 Noginsk
9%
Moskovskaya Oblast’ 102592 Noginsk
9%
Moskovskaya Oblast’ 118822 Orekhovo-Zuyevo
9%
Nizhegorodskaya Oblast’ 57630 Pavlovo
9%
Altayskiy Kray 145333 Rubtsovsk
9%
Tverskaya Oblast’ 59422 Rzhev
9%
Tyumenskaya Oblast’ 98886 Tobolsk
9%
Chelyabinskaya Oblast’ 73911 Troitsk
9%
Pskovskaya Oblast’ 91435 Velikiye Luki
9%
Kamchatskiy Kray 39216 Yelizovo
9%
Stavropol’skiy Kray 108679 Yessentuki
9%
Tatarstan 99491 Zelënodol’sk
9%
Kurskaya Oblast’ 100740 Zheleznogorsk
9%
Krasnoyarskiy Kray 83857 Zheleznogorsk
9%
Chelyabinskaya Oblast’ 167978 Zlatoust
9%
Tul’skaya Oblast’ 57892 Aleksin
6%
Saratovskaya Oblast’ 76776 Balashov
6%
Kaliningradskaya Oblast’ 33317 Baltiysk
6%
Novosibirskaya Oblast’ 28941 Barabinsk
6%
Bashkortostan 65477 Beloretsk
6%
Kemerovskaya Oblast’ 72519 Belovo
6%
Voronezhskaya Oblast’ 62669 Borisoglebsk
6%
Kostromskaya Oblast’ 23809 Buy
6%
Samarskaya Oblast’ 72778 Chapayevsk
6%
Moskovskaya Oblast’ 70548 Chekhov
6%
Moskovskaya Oblast’ 68792 Dmitrov
6%
Novosibirskaya Oblast’ 56602 Iskitim
6%
Sverdlovskaya Oblast’ 169929 Kamensk-Ural’skiy
6%
Volgogradskaya Oblast’ 111100 Kamyshin
6%
Krasnoyarskiy Kray 89508 Kansk
6%
Leningradskaya Oblast’ 47313 Kingisepp
6%
Kirovskaya Oblast’ 72071 Kirovo-Chepetsk
6%
Moskovskaya Oblast’ 26519 Krasnoarmeysk
6%
Saratovskaya Oblast’ 22994 Krasnoarmeysk
6%
Penzenskaya Oblast’ 82276 Kuznetsk
6%
Kemerovskaya Oblast’ 96139 Leninsk-Kuznetskiy
6%
Sakha (Yakutiya) 23479 Lensk
6%
Saratovskaya Oblast’ 31488 Marks
6%
Tambovskaya Oblast’ 93330 Michurinsk
6%
Volgogradskaya Oblast’ 57829 Mikhaylovka
6%
Krasnoyarskiy Kray 68007 Minusinsk
6%
Nenetskiy Avtonomnyy Okrug 24775 Nar’yan-Mar
6%
Sakha (Yakutiya) 57009 Neryungri
6%
Altayskiy Kray 73439 Novoaltaysk
6%
Rostovskaya Oblast’ 108345 Novoshakhtinsk
6%
Saratovskaya Oblast’ 28893 Petrovsk
6%
Kemerovskaya Oblast’ 196406 Prokopyevsk
6%
Udmurtiya 97910 Sarapul
6%
Sverdlovskaya Oblast’ 97762 Serov
6%
Tomskaya Oblast’ 107922 Seversk
6%
Kurganskaya Oblast’ 75348 Shadrinsk
6%
Krasnodarskiy Kray 66285 Slavyansk-na-Kubani
6%
Krasnodarskiy Kray 57771 Tikhoretsk
6%
Leningradskaya Oblast’ 58136 Tikhvin
6%
Amurskaya Oblast’ 33061 Tynda
6%
Komi 97087 Ukhta
6%
Irkutskaya Oblast’ 77407 Usol’ye-Sibirskoye
6%
Komi 56088 Vorkuta
6%
Smolenskaya Oblast’ 52506 Vyazma
6%
Krasnoyarskiy Kray 62245 Zelenogorsk
6%
Astrakhanskaya Oblast’ 37883 Akhtubinsk
4%
Vladimirskaya Oblast’ 59328 Aleksandrov
4%
Kemerovskaya Oblast’ 70476 Anzhero-Sudzhensk
4%
Murmanskaya Oblast’ 55713 Apatity
4%
Sverdlovskaya Oblast’ 64091 Asbest
4%
Bashkortostan 60188 Belebey
4%
Novosibirskaya Oblast’ 103578 Berdsk
4%
Novgorodskaya Oblast’ 50144 Borovichi
4%
Dagestan 65080 Buynaksk
4%
Khakasiya 75419 Chernogorsk
4%
Kaliningradskaya Oblast’ 35888 Chernyakhovsk
4%
Tatarstan 62200 Chistopol
4%
Permskiy Kray 44779 Chusovoy
4%
Krasnoyarskiy Kray 29246 Divnogorsk
4%
Rostovskaya Oblast’ 47770 Donetsk
4%
Orenburgskaya Oblast’ 41619 Gay
4%
Stavropol’skiy Kray 67054 Georgiyevsk
4%
Chechnya 52908 Gudermes
4%
Komi 25444 Inta
4%
Tyumenskaya Oblast’ 65142 Ishim
4%
Murmanskaya Oblast’ 31329 Kandalaksha
4%
Novosibirskaya Oblast’ 26902 Karasuk
4%
Chelyabinskaya Oblast’ 28607 Kartaly
4%
Ivanovskaya Oblast’ 83871 Kineshma
4%
Leningradskaya Oblast’ 50885 Kirishi
4%
Murmanskaya Oblast’ 26581 Kirovsk
4%
Leningradskaya Oblast’ 26387 Kirovsk
4%
Kemerovskaya Oblast’ 89867 Kiselëvsk
4%
Moskovskaya Oblast’ 79387 Klin
4%
Chelyabinskaya Oblast’ 147573 Kopeysk
4%
Chelyabinskaya Oblast’ 34672 Korkino
4%
Permskiy Kray 53631 Krasnokamsk
4%
Sverdlovskaya Oblast’ 57514 Krasnotur’insk
4%
Orenburgskaya Oblast’ 23763 Kuvandyk
4%
Novosibirskaya Oblast’ 44170 Kuybyshev
4%
Voronezhskaya Oblast’ 53897 Liski
4%
Kaluzhskaya Oblast’ 27791 Maloyaroslavets
4%
Orenburgskaya Oblast’ 25272 Mednogorsk
4%
Kemerovskaya Oblast’ 97060 Mezhdurechensk
4%
Rostovskaya Oblast’ 35384 Millerovo
4%
Moskovskaya Oblast’ 62002 Naro-Fominsk
4%
Khanty-Mansiyskiy Avtonomnyy Okrug-Yugra 126157 Nefteyugansk
4%
Arkhangel’skaya Oblast’ 38434 Novodvinsk
4%
Voronezhskaya Oblast’ 31503 Novovoronezh
4%
Yamalo-Nenetskiy Avtonomnyy Okrug 113254 Novyy Urengoy
4%
Yamalo-Nenetskiy Avtonomnyy Okrug 106879 Noyabrsk
4%
Khanty-Mansiyskiy Avtonomnyy Okrug-Yugra 58335 Nyagan
4%
Chelyabinskaya Oblast’ 79265 Ozërsk
4%
Primorskiy Kray 37059 Partizansk
4%
Sverdlovskaya Oblast’ 124447 Pervouralsk
4%
Moskovskaya Oblast’ 116077 Ramenskoye
4%
Sverdlovskaya Oblast’ 62687 Revda
4%
Smolenskaya Oblast’ 50112 Roslavl
4%
Voronezhskaya Oblast’ 62827 Rossosh
4%
Rostovskaya Oblast’ 57622 Salsk
4%
Murmanskaya Oblast’ 51209 Severomorsk
4%
Chechnya 53807 Shali
4%
Irkutskaya Oblast’ 48098 Shelekhov
4%
Altayskiy Kray 29916 Slavgorod
4%
Komi 26670 Sosnogorsk
4%
Khabarovskiy Kray 25147 Sovetskaya Gavan’
4%
Primorskiy Kray 41127 Spassk-Dal’niy
4%
Moskovskaya Oblast’ 66341 Stupino
4%
Novosibirskaya Oblast’ 23729 Tatarsk
4%
Chechnya 59954 Urus-Martan
4%
Vologodskaya Oblast’ 31806 Velikiy Ustyug
4%
Sverdlovskaya Oblast’ 71241 Verkhnyaya Pyshma
4%
Leningradskaya Oblast’ 44868 Volkhov
4%
Moskovskaya Oblast’ 93565 Voskresensk
4%
Udmurtiya 97550 Votkinsk
4%
Nizhegorodskaya Oblast’ 53219 Vyksa
4%
Tatarstan 74031 Yelabuga
4%
Samarskaya Oblast’ 53407 Zhigulevsk
4%
Sverdlovskaya Oblast’ 37526 Alapayevsk
2%
Altayskiy Kray 28528 Aleysk
2%
Krasnodarskiy Kray 39762 Apsheronsk
2%
Chechnya 37373 Argun
2%
Chelyabinskaya Oblast’ 29692 Asha
2%
Tomskaya Oblast’ 24354 Asino
2%
Kabardino-Balkariya 38192 Baksan
2%
Rostovskaya Oblast’ 40275 Belaya Kalitva
2%
Krasnodarskiy Kray 52082 Belorechensk
2%
Sverdlovskaya Oblast’ 57892 Berëzovskiy
2%
Kemerovskaya Oblast’ 46215 Berëzovskiy
2%
Nizhegorodskaya Oblast’ 34240 Bogorodsk
2%
Krasnoyarskiy Kray 23622 Bogotol
2%
Primorskiy Kray 38042 Bol’shoy Kamen’
2%
Zabaykal’skiy Kray 28888 Borzya
2%
Krasnoyarskiy Kray 35968 Boyarka
2%
Voronezhskaya Oblast’ 24319 Buturlinovka
2%
Orenburgskaya Oblast’ 86316 Buzuluk
2%
Permskiy Kray 83077 Chaykovskiy
2%
Chelyabinskaya Oblast’ 40378 Chebarkul
2%
Irkutskaya Oblast’ 50819 Cheremkhovo
2%
Primorskiy Kray 37519 Dalnegorsk
2%
Smolenskaya Oblast’ 27771 Desnogorsk
2%
Permskiy Kray 32676 Dobryanka
2%
Moskovskaya Oblast’ 108861 Dolgoprudnyy
2%
Tul’skaya Oblast’ 63631 Donskoy
2%
Moskovskaya Oblast’ 55669 Dzerzhinskiy
2%
Moskovskaya Oblast’ 22950 Elektrogorsk
2%
Primorskiy Kray 23077 Fokino
2%
Moskovskaya Oblast’ 60437 Fryazino
2%
Smolenskaya Oblast’ 29041 Gagarin
2%
Nizhegorodskaya Oblast’ 30188 Gorodets
2%
Lipetskaya Oblast’ 46492 Gryazi
2%
Belgorodskaya Oblast’ 86780 Gubkin
2%
Yamalo-Nenetskiy Avtonomnyy Okrug 27238 Gubkinskiy
2%
Kaliningradskaya Oblast’ 28484 Gusev
2%
Buryatiya 23082 Gusinoozërsk
2%
Vladimirskaya Oblast’ 54533 Gus’-Khrustal’nyy
2%
Stavropol’skiy Kray 23579 Ipatovo
2%
Bashkortostan 65422 Ishimbay
2%
Omskaya Oblast’ 22903 Isilkul
2%
Volgogradskaya Oblast’ 23947 Kalach-na-Donu
2%
Altayskiy Kray 44564 Kamen’-na-Obi
2%
Rostovskaya Oblast’ 88997 Kamensk-Shakhtinskiy
2%
Sverdlovskaya Oblast’ 26444 Kamyshlov
2%
Chuvashiya 45482 Kanash
2%
Sverdlovskaya Oblast’ 26957 Karpinsk
2%
Sakhalinskaya Oblast’ 27954 Kholmsk
2%
Samarskaya Oblast’ 35675 Kinel
2%
Moskovskaya Oblast’ 56239 Klimovsk
2%
Tomskaya Oblast’ 23209 Kolpashevo
2%
Sankt-Peterburg 225801 Kolpino
2%
Kareliya 30299 Kondopoga
2%
Moskovskaya Oblast’ 221797 Korolëv
2%
Sakhalinskaya Oblast’ 33645 Korsakov
2%
Arkhangel’skaya Oblast’ 36607 Koryazhma
2%
Kareliya 29381 Kostomuksha
2%
Kirovskaya Oblast’ 23682 Kotelnich
2%
Moskovskaya Oblast’ 41769 Krasnoznamensk
2%
Krasnodarskiy Kray 78149 Kropotkin
2%
Krasnodarskiy Kray 57229 Krymsk
2%
Nizhegorodskaya Oblast’ 67874 Kstovo
2%
Permskiy Kray 31370 Kudymkar
2%
Nizhegorodskaya Oblast’ 32518 Kulebaki
2%
Bashkortostan 60164 Kumertau
2%
Kurskaya Oblast’ 38344 Kurchatov
2%
Sverdlovskaya Oblast’ 28060 Kushva
2%
Yamalo-Nenetskiy Avtonomnyy Okrug 26281 Labytnangi
2%
Sverdlovskaya Oblast’ 49056 Lesnoy
2%
Primorskiy Kray 37034 Lesozavodsk
2%
Leningradskaya Oblast’ 35262 Luga
2%
Permskiy Kray 61752 Lysva
2%
Kemerovskaya Oblast’ 38637 Mariinsk
2%
Khanty-Mansiyskiy Avtonomnyy Okrug-Yugra 48691 Megion
2%
Stavropol’skiy Kray 93658 Mikhaylovsk
2%
Sakha (Yakutiya) 35223 Mirnyy
2%
Arkhangel’skaya Oblast’ 32175 Mirnyy
2%
Murmanskaya Oblast’ 42099 Monchegorsk
2%
Moskovskaya Oblast’ 30190 Mozhaysk
2%
Udmurtiya 49328 Mozhga
2%
Orlovskaya Oblast’ 38350 Mtsensk
2%
Kemerovskaya Oblast’ 41379 Myski
2%
Tatarstan 529797 Naberezhnyye Chelny
2%
Yamalo-Nenetskiy Avtonomnyy Okrug 44940 Nadym
2%
Krasnoyarskiy Kray 50397 Nazarovo
2%
Sverdlovskaya Oblast’ 23200 Nevyansk
2%
Tatarstan 32703 Nurlat
2%
Bashkortostan 113929 Oktyabr’skiy
2%
Kamchatskiy Kray 67386 Oktyabrskiy
2%
Moskovskaya Oblast’ 65432 Pavlovskiy Posad
2%
Komi 40653 Pechora
2%
Sverdlovskaya Oblast’ 61853 Polevskoy
2%
Kemerovskaya Oblast’ 26212 Polysayevo
2%
Khanty-Mansiyskiy Avtonomnyy Okrug-Yugra 41005 Pyt’-Yakh
2%
Tambovskaya Oblast’ 43758 Rasskazovo
2%
Mordoviya 45248 Ruzayevka
2%
Irkutskaya Oblast’ 38968 Sayansk
2%
Kareliya 26666 Segezha
2%
Nizhegorodskaya Oblast’ 24400 Semënov
2%
Voronezhskaya Oblast’ 26732 Semiluki
2%
Buryatiya 23365 Severobaykalsk
2%
Sverdlovskaya Oblast’ 26543 Severouralsk
2%
Krasnoyarskiy Kray 37136 Sharypovo
2%
Tul’skaya Oblast’ 86088 Shchëkino
2%
Ivanovskaya Oblast’ 58114 Shuya
2%
Bashkortostan 61266 Sibay
2%
Kirovskaya Oblast’ 32793 Slobodskoy
2%
Chelyabinskaya Oblast’ 51048 Snezhinsk
2%
Permskiy Kray 94628 Solikamsk
2%
Orenburgskaya Oblast’ 27085 Sol’-Iletsk
2%
Moskovskaya Oblast’ 51612 Solnechnogorsk
2%
Orenburgskaya Oblast’ 27547 Sorochinsk
2%
Leningradskaya Oblast’ 68013 Sosnovyy Bor
2%
Novgorodskaya Oblast’ 29019 Staraya Russa
2%
Tomskaya Oblast’ 41541 Strezhevoy
2%
Belgorodskaya Oblast’ 24392 Stroitel
2%
Kaliningradskaya Oblast’ 21928 Svetlyy
2%
Omskaya Oblast’ 28099 Tara
2%
Kemerovskaya Oblast’ 23107 Tashtagol
2%
Sverdlovskaya Oblast’ 33356 Tavda
2%
Kemerovskaya Oblast’ 23565 Tayga
2%
Irkutskaya Oblast’ 33364 Tayshet
2%
Krasnodarskiy Kray 51925 Timashevsk
2%
Kemerovskaya Oblast’ 27860 Topki
2%
Tverskaya Oblast’ 45641 Torzhok
2%
Leningradskaya Oblast’ 37509 Tosno
2%
Bashkortostan 68256 Tuymazy
2%
Kabardino-Balkariya 20513 Tyrnyauz
2%
Bashkortostan 37710 Uchaly
2%
Yaroslavskaya Oblast’ 32146 Uglich
2%
Bryanskaya Oblast’ 23550 Unecha
2%
Khanty-Mansiyskiy Avtonomnyy Okrug-Yugra 40559 Uray
2%
Komi 38376 Usinsk
2%
Irkutskaya Oblast’ 81976 Ust’-Ilimsk
2%
Irkutskaya Oblast’ 41689 Ust’-Kut
2%
Sverdlovskaya Oblast’ 41484 Verkhnyaya Salda
2%
Ivanovskaya Oblast’ 34394 Vichuga
2%
Moskovskaya Oblast’ 66158 Vidnoye
2%
Saratovskaya Oblast’ 63212 Volsk
2%
Leningradskaya Oblast’ 72864 Vsevolozhsk
2%
Kirovskaya Oblast’ 32562 Vyatskiye Polyany
2%
Vladimirskaya Oblast’ 35865 Vyazniki
2%
Tyumenskaya Oblast’ 39967 Yalutorovsk
2%
Smolenskaya Oblast’ 44097 Yartsevo
2%
Moskovskaya Oblast’ 73766 Yegoryevsk
2%
Khanty-Mansiyskiy Avtonomnyy Okrug-Yugra 37422 Yugorsk
2%
Kemerovskaya Oblast’ 81759 Yurga
2%
Altayskiy Kray 46597 Zarinsk
2%
Tyumenskaya Oblast’ 26048 Zavodoukovsk
2%
Nizhegorodskaya Oblast’ 38230 Zavolzhye
2%
Amurskaya Oblast’ 23270 Zeya
2%
Irkutskaya Oblast’ 23643 Zheleznogorsk-Ilimskiy
2%
Stavropol’skiy Kray 24768 Zheleznovodsk
2%
Moskovskaya Oblast’ 107994 Zhukovskiy
2%
Irkutskaya Oblast’ 30988 Zima
2%
Krasnodarskiy Kray 38547 Abinsk
0%
Rostovskaya Oblast’ 46018 Aksay
0%
North Ossetia 20043 Alagir
0%
Belgorodskaya Oblast’ 38329 Alekseyevka
0%
Sverdlovskaya Oblast’ 30778 Artëmovskiy
0%
Saratovskaya Oblast’ 25140 Atkarsk
0%
Tatarstan 34896 Aznakayevo
0%
Kaluzhskaya Oblast’ 25608 Balabanovo
0%
Bashkortostan 43572 Birsk
0%
Stavropol’skiy Kray 30530 Blagodarnyy
0%
Sverdlovskaya Oblast’ 29241 Bogdanovich
0%
Tul’skaya Oblast’ 31139 Bogoroditsk
0%
Orlovskaya Oblast’ 26570 Bolkhov
0%
Tverskaya Oblast’ 21158 Bologoye
0%
Stavropol’skiy Kray 62495 Budënnovsk
0%
Permskiy Kray 32952 Chernushka
0%
Dagestan 29401 Dagestanskiye Ogni
0%
Primorskiy Kray 26378 Dalnerechensk
0%
Bashkortostan 23499 Davlekanovo
0%
Moskovskaya Oblast’ 29738 Dedovsk
0%
Bryanskaya Oblast’ 26775 Dyatkovo
0%
Bashkortostan 30969 Dyurtyuli
0%
Volgogradskaya Oblast’ 36951 Frolovo
0%
Ivanovskaya Oblast’ 33905 Furmanov
0%
Krasnodarskiy Kray 37475 Goryachiy Klyuch
0%
Rostovskaya Oblast’ 64869 Gukovo
0%
Krasnodarskiy Kray 34215 Gulkevichi
0%
Sverdlovskaya Oblast’ 36668 Irbit
0%
Moskovskaya Oblast’ 79346 Ivanteyevka
0%
Stavropol’skiy Kray 38100 Izobil’nyy
0%
Sverdlovskaya Oblast’ 38996 Kachkanar
0%
Penzenskaya Oblast’ 35929 Kamenka
0%
Ingushetiya 41469 Karabulak
0%
Moskovskaya Oblast’ 48016 Kashira
0%
Ryazanskaya Oblast’ 30243 Kasimov
0%
Tul’skaya Oblast’ 25951 Kimovsk
0%
Tverskaya Oblast’ 44743 Kimry
0%
Tul’skaya Oblast’ 25741 Kireyevsk
0%
Vladimirskaya Oblast’ 26676 Kirzhach
0%
Dagestan 37171 Kizilyurt
0%
Dagestan 49247 Kizlyar
0%
Bryanskaya Oblast’ 62936 Klintsy
0%
Ivanovskaya Oblast’ 30500 Kokhma
0%
Vladimirskaya Oblast’ 43089 Kolchugino
0%
Tverskaya Oblast’ 38486 Konakovo
0%
Krasnodarskiy Kray 42019 Korenovsk
0%
Moskovskaya Oblast’ 46763 Kotelniki
0%
Tambovskaya Oblast’ 29999 Kotovsk
0%
Sverdlovskaya Oblast’ 38395 Krasnoufimsk
0%
Sverdlovskaya Oblast’ 22996 Krasnouralsk
0%
Rostovskaya Oblast’ 38284 Krasnyy Sulin
0%
Chechnya 25672 Kurchaloy
0%
Krasnodarskiy Kray 48439 Kurganinsk
0%
Chelyabinskaya Oblast’ 36997 Kyshtym
0%
Krasnodarskiy Kray 60164 Labinsk
0%
Tatarstan 62531 Leninogorsk
0%
Moskovskaya Oblast’ 29376 Likino-Dulevo
0%
Orlovskaya Oblast’ 47221 Livny
0%
Moskovskaya Oblast’ 88220 Lobnya
0%
Moskovskaya Oblast’ 25424 Losino-Petrovskiy
0%
Moskovskaya Oblast’ 58606 Lytkarino
0%
Kaluzhskaya Oblast’ 38267 Lyudinovo
0%
Ingushetiya 37442 Malgobek
0%
Kabardino-Balkariya 27074 Mayskiy
0%
Bashkortostan 58004 Meleuz
0%
Stavropol’skiy Kray 74141 Mineral’nyye Vody
0%
Rostovskaya Oblast’ 25198 Morozovsk
0%
Tambovskaya Oblast’ 39362 Morshansk
0%
Moskovskaya Oblast’ 50167 Moskovskiy
0%
North Ossetia 41728 Mozdok
0%
Kabardino-Balkariya 30832 Nartkala
0%
Stavropol’skiy Kray 24472 Neftekumsk
0%
Irkutskaya Oblast’ 33918 Nizhneudinsk
0%
Nizhegorodskaya Oblast’ 63083 Novaya Balakhna
0%
Stavropol’skiy Kray 26761 Novoaleksandrovsk
0%
Stavropol’skiy Kray 26106 Novopavlovsk
0%
Sverdlovskaya Oblast’ 81202 Novouralsk
0%
Bryanskaya Oblast’ 39725 Novozybkov
0%
Kemerovskaya Oblast’ 42454 Osinniki
0%
Voronezhskaya Oblast’ 32601 Ostrogozhsk
0%
Leningradskaya Oblast’ 25623 Otradnoye
0%
Samarskaya Oblast’ 47180 Otradnyy
0%
Moskovskaya Oblast’ 25359 Ozëry
0%
Komi 45000 Parma
0%
Yaroslavskaya Oblast’ 39105 Pereslavl’-Zalesskiy
0%
Samarskaya Oblast’ 28177 Pokhvistnevo
0%
Krasnodarskiy Kray 32180 Primorsko-Akhtarsk
0%
Kabardino-Balkariya 57883 Prokhladnyy
0%
Moskovskaya Oblast’ 35807 Protvino
0%
Sverdlovskaya Oblast’ 37152 Rezh
0%
Ivanovskaya Oblast’ 24335 Rodniki
0%
Saratovskaya Oblast’ 39005 Rtishchevo
0%
Smolenskaya Oblast’ 42147 Safonovo
0%
Ryazanskaya Oblast’ 25177 Sasovo
0%
Chelyabinskaya Oblast’ 41798 Satka
0%
Khakasiya 47358 Sayanogorsk
0%
Rostovskaya Oblast’ 22030 Semikarakorsk
0%
Penzenskaya Oblast’ 32087 Serdobsk
0%
Leningradskaya Oblast’ 54497 Sertolovo
0%
Kostromskaya Oblast’ 23976 Sharya
0%
Moskovskaya Oblast’ 33222 Shatura
0%
Moskovskaya Oblast’ 125634 Shchelkovo
0%
Belgorodskaya Oblast’ 42465 Shebekino
0%
Chuvashiya 29553 Shumerlya
0%
Leningradskaya Oblast’ 32508 Slantsy
0%
Vologodskaya Oblast’ 36924 Sokol
0%
Sverdlovskaya Oblast’ 23353 Sredneuralsk
0%
Belgorodskaya Oblast’ 223360 Staryy Oskol
0%
Sverdlovskaya Oblast’ 33689 Sukhoy Log
0%
Stavropol’skiy Kray 35745 Svetlograd
0%
Amurskaya Oblast’ 53678 Svobodnyy
0%
Krasnodarskiy Kray 41133 Temryuk
0%
Ivanovskaya Oblast’ 32511 Teykovo
0%
Chelyabinskaya Oblast’ 32715 Trëkhgornyy
0%
Irkutskaya Oblast’ 41640 Tulun
0%
Yaroslavskaya Oblast’ 40154 Tutayev
0%
Tverskaya Oblast’ 28119 Udomlya
0%
Volgogradskaya Oblast’ 37620 Uryupinsk
0%
Karachayevo-Cherkesiya 30369 Ust’-Dzheguta
0%
Tambovskaya Oblast’ 23987 Uvarovo
0%
Tul’skaya Oblast’ 51358 Uzlovaya
0%
Belgorodskaya Oblast’ 34193 Valuyki
0%
Chelyabinskaya Oblast’ 27498 Verkhniy Ufaley
0%
Tverskaya Oblast’ 46908 Vyshniy Volochëk
0%
Bashkortostan 25511 Yanaul
0%
Tul’skaya Oblast’ 35168 Yefremov
0%
Chelyabinskaya Oblast’ 28742 Yemanzhelinsk
0%
Chelyabinskaya Oblast’ 37728 Yuzhnouralsk
0%
Tatarstan 40366 Zainsk
0%
Penzenskaya Oblast’ 65156 Zarechnyy
0%
Sverdlovskaya Oblast’ 27617 Zarechnyy
0%
Stavropol’skiy Kray 34690 Zelenokumsk
0%
Rostovskaya Oblast’ 24561 Zernograd
0%
No matching quizzes found
Score Distribution
Percent of People with Each Score
Percentile by Number Answered
Your Score History
You have not taken this quiz since the last reset